000 nam a22 a 4500
999 _c3033
_d3033
005 20170519100046.0
008 170519b1988 xxu||||| |||| 00| 0 eng d
020 _a0256069867
040 _aAKMAL
082 _a658.1511 ENG
090 _a658.1511
_bENG
100 _aEngler, Calvin.
_96326
245 _aManagerial accounting /
_cCalvin Engler.
250 _aStatement of cash flows ed.
260 _aHomewood, Ill.
_bIrwin
_c1988.
300 _axvi, 926 p.
_bcol. ill.
_c24cm
500 _aIncludes index.
650 _aManagerial accounting
_96172
942 _2ddc
_cBOOK